[Event "Hradec Kralove op 10th"]
[Site "Hradec Kralove"]
[Date "2019.10.30"]
[Round "6"]
[White "Aird, Ian"]
[Black "Bullen, Alex"]
[Result "0-1"]
[WhiteElo "1853"]
[BlackElo "2108"]
[PlyCount "84"]
[EventDate "2019.10.26"]
[EventType "swiss"]
[EventRounds "9"]
[EventCountry "CZE"]
[SourceTitle "CBM 193 Extra"]
[Source "ChessBase"]
[SourceDate "2020.01.31"]
[SourceVersion "1"]
[SourceVersionDate "2020.01.31"]
[SourceQuality "1"]

1. e4 c6 2. Nc3 d5 3. Nf3 Bg4 4. h3 Bxf3 5. Qxf3 e6 6. Be2 Nd7 7. d4 dxe4 8. Nxe4 Ngf6 9. 0-0 Nxe4 10. Qxe4 Nf6 11. Qd3 Bd6 12. b3 0-0 13. Bb2 Nd5 14. g3 Qg5 15. h4 Qe7 16. c4 Nf6 17. Rfe1 Rad8 18. Qf3 Ba3 19. Bc3 Bb4 20. Rad1 Rd7 21. Bf1 Rfd8 22. Bg2 a5 23. Qe3 Bxc3 24. Qxc3 Qb4 25. Qa1 Qb6 26. d5 cxd5 27. cxd5 Nxd5 28. Qe5 Qd6 29. Qh5 Qb4 30. Qe5 Nf6 31. Rxd7 Rxd7 32. Rc1 h6 33. h5 Kh7 34. Bf3 b6 35. Kg2 Qd6 36. Be4+ Nxe4 37. Qxe4+ f5 38. Qe3 Kg8 39. Rc2 Kf7 40. Kh2 Qd3 41. Qc1 Qf3 42. Qe3 Qxh5+ 0-1

[Event "EU-ch Seniors 50 19th"]
[Site "Rhodes"]
[Date "2019.04.13"]
[Round "8"]
[White "Aird, Ian"]
[Black "Sielicki, Tomasz"]
[Result "1/2-1/2"]
[WhiteElo "1834"]
[BlackElo "2031"]
[PlyCount "80"]
[EventDate "2019.04.06"]
[EventType "swiss"]
[EventRounds "9"]
[EventCountry "GRE"]
[SourceTitle "CBM 189 Extra"]
[Source "ChessBase"]
[SourceDate "2019.06.03"]
[SourceVersion "1"]
[SourceVersionDate "2019.06.03"]
[SourceQuality "1"]

1. e4 g6 2. d4 Bg7 3. Nc3 d6 4. Be2 a6 5. a4 Nd7 6. Be3 b6 7. f4 Bb7 8. Bd3 Ngf6 9. Nf3 c5 10. d5 e6 11. dxe6 fxe6 12. Ng5 Qe7 13. 0-0 h6 14. Nf3 0-0 15. Bd2 c4 16. Bxc4 Nxe4 17. Bd3 Ndc5 18. Nxe4 Bxe4 19. Bxe4 Nxe4 20. Be3 Bxb2 21. Rb1 Nc3 22. Qd3 Nxb1 23. Qxg6+ Bg7 24. Rxb1 Rab8 25. Nd4 Qf7 26. Qg4 h5 27. Qg5 Kh7 28. f5 Bxd4 29. Bxd4 e5 30. Be3 Qxf5 31. Qh6+ Kg8 32. Qxd6 Qxc2 33. Qe6+ Rf7 34. Rf1 Rbb7 35. Qe8+ Kg7 36. Qxe5+ Kg6 37. Qe6+ Kg7 38. Qe5+ Kg8 39. Qe8+ Kg7 40. Qe5+ Kg8 1/2-1/2

[Event "EU-ch Seniors 50 19th"]
[Site "Rhodes"]
[Date "2019.04.11"]
[Round "6"]
[White "Aird, Ian"]
[Black "Edvardsen, Ragnar"]
[Result "1/2-1/2"]
[WhiteElo "1834"]
[BlackElo "1984"]
[PlyCount "30"]
[EventDate "2019.04.06"]
[EventType "swiss"]
[EventRounds "9"]
[EventCountry "GRE"]
[SourceTitle "CBM 189 Extra"]
[Source "ChessBase"]
[SourceDate "2019.06.03"]
[SourceVersion "1"]
[SourceVersionDate "2019.06.03"]
[SourceQuality "1"]

1. e4 e5 2. Nf3 Nc6 3. Bc4 Nf6 4. d3 Bc5 5. 0-0 0-0 6. h3 d5 7. exd5 Nxd5 8. Re1 Nb6 9. Bb3 a5 10. a4 Qf6 11. Be3 Nd4 12. Bxd4 exd4 13. Nbd2 Bf5 14. Ne4 Bxe4 15. Rxe4 Rae8 1/2-1/2

[Event "EU-ch Seniors 50 19th"]
[Site "Rhodes"]
[Date "2019.04.10"]
[Round "5"]
[White "Van den Bersselaar, Jeroen"]
[Black "Aird, Ian"]
[Result "1-0"]
[WhiteElo "2142"]
[BlackElo "1834"]
[PlyCount "59"]
[EventDate "2019.04.06"]
[EventType "swiss"]
[EventRounds "9"]
[EventCountry "GRE"]
[SourceTitle "CBM 189 Extra"]
[Source "ChessBase"]
[SourceDate "2019.06.03"]
[SourceVersion "1"]
[SourceVersionDate "2019.06.03"]
[SourceQuality "1"]

1. Nf3 d5 2. c4 e6 3. b3 Nf6 4. g3 Be7 5. Bg2 0-0 6. 0-0 c5 7. e3 Nc6 8. Bb2 d4 9. exd4 cxd4 10. Re1 Ne8 11. Ne5 Nxe5 12. Rxe5 f6 13. Re1 e5 14. Ba3 Bxa3 15. Nxa3 Nc7 16. d3 Rb8 17. Qd2 b6 18. c5 bxc5 19. Rac1 Na6 20. f4 Re8 21. Nc4 Bb7 22. fxe5 Bxg2 23. Qxg2 Nb4 24. Qf3 fxe5 25. Rxe5 Rf8 26. Qe2 Re8 27. Rf1 Rxe5 28. Qxe5 Nxd3 29. Qe6+ Kh8 30. Nd6 1-0

[Event "EU-ch Seniors 50 19th"]
[Site "Rhodes"]
[Date "2019.04.09"]
[Round "4"]
[White "Aird, Ian"]
[Black "Baliuniene, Margarita"]
[Result "1-0"]
[WhiteElo "1834"]
[BlackElo "1955"]
[PlyCount "89"]
[EventDate "2019.04.06"]
[EventType "swiss"]
[EventRounds "9"]
[EventCountry "GRE"]
[SourceTitle "CBM 189 Extra"]
[Source "ChessBase"]
[SourceDate "2019.06.03"]
[SourceVersion "1"]
[SourceVersionDate "2019.06.03"]
[SourceQuality "1"]

1. d4 d5 2. Bf4 e6 3. e3 Nf6 4. c3 c5 5. Nd2 Nc6 6. Ngf3 Bd6 7. Bg3 0-0 8. Bd3 b6 9. e4 dxe4 10. Nxe4 Nxe4 11. Bxe4 Bb7 12. dxc5 Bxc5 13. 0-0 h6 14. Qa4 Qc8 15. Rad1 f5 16. Bb1 a6 17. h4 b5 18. Qf4 Ne7 19. h5 Qc6 20. Qc7 Qxc7 21. Bxc7 Nd5 22. Be5 Rad8 23. Nd4 Rfe8 24. Rfe1 Bf8 25. Bc2 Kf7 26. Bb3 b4 27. c4 Nf6 28. Ba4 Re7 29. c5 Ne8 30. c6 Bc8 31. Bb3 Nd6 32. Nxf5 Nxf5 33. Rxd8 Re8 34. Red1 Be7 35. Rxe8 Kxe8 36. Ba4 Bf6 37. Bxf6 gxf6 38. c7+ Ke7 39. Rd8 Nd6 40. Bc6 a5 41. Rh8 Ba6 42. Ra8 Bc8 43. b3 e5 44. Rxa5 Nf5 45. Ra8 1-0

[Event "EU-ch Seniors 50 19th"]
[Site "Rhodes"]
[Date "2019.04.07"]
[Round "2"]
[White "Aird, Ian"]
[Black "Martinez Lopez, Jaime"]
[Result "0-1"]
[WhiteElo "1834"]
[BlackElo "1992"]
[PlyCount "57"]
[EventDate "2019.04.06"]
[EventType "swiss"]
[EventRounds "9"]
[EventCountry "GRE"]
[SourceTitle "CBM 189 Extra"]
[Source "ChessBase"]
[SourceDate "2019.06.03"]
[SourceVersion "1"]
[SourceVersionDate "2019.06.03"]
[SourceQuality "1"]

1. e4 c6 2. d4 d5 3. exd5 cxd5 4. Bd3 Nf6 5. c3 Bg4 6. Qb3 Qd7 7. Bf4 Nc6 8. Nd2 e6 9. Ngf3 a6 10. Ne5 Nxe5 11. dxe5 Ng8 12. 0-0 Bc5 13. c4 Ne7 14. Rac1 Rc8 15. Bg3 0-0 16. cxd5 exd5 17. Rfe1 Rfd8 18. Bh4 Re8 19. Bb1 Nf5 20. Bxf5 Bxf5 21. Bg5 h6 22. Bf4 Re6 23. Qf3 Rec6 24. Nb3 Bb6 25. Red1 Rc2 26. Be3 d4 27. Rxc2 Bxc2 28. Rd2 Bxb3 29. axb3 0-1

[Event "EU-ch Seniors 50 19th"]
[Site "Rhodes"]
[Date "2019.04.06"]
[Round "1"]
[White "Fritsch, Rolf"]
[Black "Aird, Ian"]
[Result "1-0"]
[WhiteElo "2155"]
[BlackElo "1834"]
[PlyCount "71"]
[EventDate "2019.04.06"]
[EventType "swiss"]
[EventRounds "9"]
[EventCountry "GRE"]
[SourceTitle "CBM 189 Extra"]
[Source "ChessBase"]
[SourceDate "2019.06.03"]
[SourceVersion "1"]
[SourceVersionDate "2019.06.03"]
[SourceQuality "1"]

1. Nf3 d5 2. d4 Nf6 3. Bg5 Ne4 4. Bh4 c5 5. c3 Qb6 6. Qb3 c4 7. Qxb6 axb6 8. Nbd2 Bf5 9. Nxe4 Bxe4 10. Nd2 Bg6 11. e4 e6 12. Be2 Be7 13. Bxe7 Kxe7 14. 0-0 Rd8 15. Rfe1 Kf8 16. f4 f6 17. Bf3 Bf7 18. Nf1 Nc6 19. Ne3 b5 20. a3 Ne7 21. g3 Ra6 22. Re2 Rd7 23. Rae1 Ra8 24. Kf2 Rad8 25. h4 b6 26. Nc2 Nc6 27. g4 Rc7 28. Kg3 Bg8 29. Ne3 Ne7 30. f5 exf5 31. exf5 Bf7 32. Ng2 g6 33. fxg6 hxg6 34. Nf4 Rdd7 35. Ne6+ Bxe6 36. Rxe6 1-0

[Event "Plzen op 10th"]
[Site "Plzen"]
[Date "2018.11.24"]
[Round "7"]
[White "Riekenbrauk, Joerg"]
[Black "Aird, Ian"]
[Result "1/2-1/2"]
[WhiteElo "1926"]
[BlackElo "1852"]
[PlyCount "49"]
[EventDate "2018.11.18"]
[EventType "swiss"]
[EventRounds "9"]
[EventCountry "CZE"]
[SourceTitle "CBM 189 Extra"]
[Source "ChessBase"]
[SourceDate "2019.06.03"]
[SourceVersion "1"]
[SourceVersionDate "2019.06.03"]
[SourceQuality "1"]

1. e4 e5 2. Nf3 Nc6 3. Nc3 Nf6 4. d4 exd4 5. Nd5 Be7 6. Nxd4 0-0 7. Bf4 d6 8. Nb5 Nxd5 9. exd5 Ne5 10. Be2 Ng6 11. Bg3 Bf6 12. c3 Be5 13. Bxe5 dxe5 14. 0-0 a6 15. Na3 Re8 16. g3 Bh3 17. Re1 Qg5 18. Qc1 Qf5 19. Qe3 Nf4 20. Bf3 Ng6 21. Nc4 Rad8 22. Rad1 b5 23. Be4 Qh5 24. Bf3 Qf5 25. Be4 1/2-1/2

[Event "Plzen op 10th"]
[Site "Plzen"]
[Date "2018.11.23"]
[Round "6"]
[White "Aird, Ian"]
[Black "Bartonicek, Zdenek"]
[Result "1/2-1/2"]
[WhiteElo "1852"]
[BlackElo "1951"]
[PlyCount "63"]
[EventDate "2018.11.18"]
[EventType "swiss"]
[EventRounds "9"]
[EventCountry "CZE"]
[SourceTitle "CBM 189 Extra"]
[Source "ChessBase"]
[SourceDate "2019.06.03"]
[SourceVersion "1"]
[SourceVersionDate "2019.06.03"]
[SourceQuality "1"]

1. e4 e5 2. Nf3 Nc6 3. Bc4 Nf6 4. d3 Be7 5. 0-0 0-0 6. Re1 d6 7. a4 Bg4 8. c3 d5 9. exd5 Nxd5 10. Nbd2 Nb6 11. Bb5 f6 12. h3 Bh5 13. Ne4 a6 14. Bxc6 bxc6 15. Ng3 Bf7 16. a5 Nd5 17. d4 exd4 18. Nxd4 Bc5 19. Ne6 Bxe6 20. Rxe6 Qd7 21. Qg4 Rae8 22. Rxe8 Qxe8 23. Bh6 Rf7 24. c4 f5 25. Nxf5 Qe6 26. cxd5 Qxf5 27. Qxf5 Rxf5 28. Be3 Bxe3 29. fxe3 Rxd5 30. Rc1 Rxa5 31. Rxc6 Ra2 32. Rxc7 1/2-1/2

[Event "Plzen op 10th"]
[Site "Plzen"]
[Date "2018.11.18"]
[Round "1"]
[White "Plischki, Sebastian"]
[Black "Aird, Ian"]
[Result "1-0"]
[WhiteElo "2419"]
[BlackElo "1852"]
[PlyCount "87"]
[EventDate "2018.11.18"]
[EventType "swiss"]
[EventRounds "9"]
[EventCountry "CZE"]
[SourceTitle "CBM 189 Extra"]
[Source "ChessBase"]
[SourceDate "2019.06.03"]
[SourceVersion "1"]
[SourceVersionDate "2019.06.03"]
[SourceQuality "1"]

1. c4 e6 2. g3 d5 3. Bg2 Nf6 4. Nf3 dxc4 5. Qa4+ Bd7 6. Qxc4 c5 7. 0-0 Bc6 8. Nc3 Be7 9. Rd1 Qc8 10. d4 cxd4 11. Nxd4 0-0 12. Nxc6 Nxc6 13. Bxc6 Qxc6 14. Qxc6 bxc6 15. Bg5 Rfd8 16. Rac1 h6 17. Bxf6 Bxf6 18. Na4 Rxd1+ 19. Rxd1 Rd8 20. Rxd8+ Bxd8 21. Kf1 Kf8 22. e4 Ke7 23. Ke2 Kd6 24. Kd3 f5 25. f3 h5 26. h3 g6 27. Nc3 Bb6 28. Ne2 g5 29. exf5 exf5 30. f4 g4 31. hxg4 fxg4 32. Ke4 Ke6 33. f5+ Kf6 34. Nf4 Kg5 35. Ke5 Bc7+ 36. Ke6 Bxf4 37. gxf4+ Kh4 38. f6 g3 39. f7 g2 40. f8Q g1Q 41. Qf6+ Kh3 42. f5 Qg8+ 43. Ke7 Qd5 44. Qe6 1-0

[Event "Brno op 8th"]
[Site "Brno"]
[Date "2018.11.17"]
[Round "9"]
[White "Aird, Ian"]
[Black "Svizensky, Lubos"]
[Result "1-0"]
[WhiteElo "1852"]
[BlackElo "1950"]
[PlyCount "87"]
[EventDate "2018.11.10"]
[EventType "swiss"]
[EventRounds "9"]
[EventCountry "CZE"]
[SourceTitle "CBM 187 Extra"]
[Source "ChessBase"]
[SourceDate "2018.11.04"]
[SourceVersion "1"]
[SourceVersionDate "2018.11.04"]
[SourceQuality "1"]

1. Nf3 d5 2. g3 c5 3. Bg2 Nc6 4. d4 Nf6 5. 0-0 cxd4 6. Nxd4 Bd7 7. c4 e5 8. Nxc6 Bxc6 9. Bg5 d4 10. Nd2 h6 11. Bxf6 Qxf6 12. Ne4 Qg6 13. Qd3 f5 14. Nd2 Rd8 15. e4 dxe3 16. Qxe3 Qd6 17. Rad1 Bxg2 18. Kxg2 Qc5 19. Qf3 Qc6 20. Qxc6+ bxc6 21. Nf3 Bd6 22. Rfe1 e4 23. Nd4 g6 24. Nxc6 Rd7 25. f3 Bc5 26. fxe4 Rxd1 27. Rxd1 0-0 28. Rd5 Be3 29. exf5 gxf5 30. Ne7+ Kh7 31. Nxf5 Bc1 32. b3 a6 33. g4 Ra8 34. Kf3 a5 35. c5 a4 36. c6 a3 37. Rc5 Rc8 38. b4 Bg5 39. b5 Bd8 40. Rc3 Ra8 41. c7 Rc8 42. cxd8Q Rxc3+ 43. Ne3 Rxe3+ 44. Kxe3 1-0

[Event "Brno op 8th"]
[Site "Brno"]
[Date "2018.11.11"]
[Round "2"]
[White "Barthel, Ansgar"]
[Black "Aird, Ian"]
[Result "1-0"]
[WhiteElo "2066"]
[BlackElo "1852"]
[PlyCount "59"]
[EventDate "2018.11.10"]
[EventType "swiss"]
[EventRounds "9"]
[EventCountry "CZE"]
[SourceTitle "CBM 187 Extra"]
[Source "ChessBase"]
[SourceDate "2018.11.04"]
[SourceVersion "1"]
[SourceVersionDate "2018.11.04"]
[SourceQuality "1"]

1. e4 e6 2. d4 d5 3. Nc3 Nf6 4. e5 Nfd7 5. f4 c5 6. Nf3 Nc6 7. Be3 a6 8. Qd2 Be7 9. a3 b5 10. dxc5 Nxc5 11. Qf2 Nd7 12. Nd4 Qc7 13. Bd3 Nc5 14. 0-0 Nxd3 15. cxd3 Bd7 16. Rac1 Qb7 17. Nce2 g6 18. Nb3 Rc8 19. Nc5 Qa8 20. b4 Nb8 21. Rc2 Bc6 22. Bd4 Rg8 23. Nc1 Kd8 24. N1b3 Ke8 25. Rfc1 Kd8 26. Qf3 Ke8 27. Qh3 Bd7 28. Qxh7 Rf8 29. Na5 Nc6 30. Nxd7 1-0

[Event "Hradec Kralove op 9th"]
[Site "Hradec Kralove"]
[Date "2018.10.05"]
[Round "7"]
[White "Aird, Ian"]
[Black "Smietanska, Wiktoria"]
[Result "1-0"]
[WhiteElo "1857"]
[BlackElo "1317"]
[PlyCount "57"]
[EventDate "2018.09.30"]
[EventType "swiss"]
[EventRounds "9"]
[EventCountry "CZE"]
[SourceTitle "CBM 186 Extra"]
[Source "ChessBase"]
[SourceDate "2018.08.24"]
[SourceVersion "1"]
[SourceVersionDate "2018.08.24"]
[SourceQuality "1"]

1. e4 c5 2. Nf3 e6 3. g3 d6 4. Bg2 Nc6 5. c3 Nf6 6. Qe2 g6 7. 0-0 Bg7 8. Rd1 0-0 9. d4 cxd4 10. cxd4 a6 11. Nc3 b5 12. e5 Ne8 13. exd6 Qxd6 14. Bf4 Qd7 15. Ne5 Bxe5 16. dxe5 Qc7 17. Rac1 Bb7 18. Qe3 Ng7 19. g4 Rfd8 20. Ne4 Ne8 21. Nf6+ Nxf6 22. exf6 Rxd1+ 23. Rxd1 Qc8 24. Bd6 Qd8 25. g5 Qa5 26. Qh3 Qa4 27. b3 Qxa2 28. Qh6 Qxb3 29. Qg7# 1-0